Statistics for Airlines That Serve Halifax (YHZ)

Click here to take the quiz!

General Stats

  • This quiz has been taken 13 times
  • The average score is 6 of 13

Answer Stats

CountryAnswer% Correct
CanadaAir Canada
100%
GermanyCondor
75%
CanadaWestjet
75%
CanadaAir Canada Express
50%
CanadaAir Transat
50%
USAAmerican Eagle
50%
CanadaFlair Airlines
50%
CanadaAir Canada Rouge
38%
CanadaPorter Airlines
38%
USAUnited Express
38%
CanadaWestjet Encore
25%
CanadaAir Saint-Pierre
13%
CanadaPAL Airlines
13%

Score Distribution

Percentile by Number Answered

Percent of People with Each Score

Your Score History

You have not taken this quiz